Financial management / (Record no. 56969)

MARC details
000 -LEADER
fixed length control field 00772nam a22002177a 4500
005 - DATE AND TIME OF LATEST TRANSACTION
control field 2011092604584.0
010 ## - LCCN (DPL NO)
LC control number G-001524
020 ## - INTERNATIONAL STANDARD BOOK NUMBER
Terms of availability 250.00
International Standard Book Number 070697751
035 1d - SYSTEM CONTROL NUMBER
System control number G-001524
037 ## - SOURCE OF ACQUISITION
Source of stock number/acquisition Gift
082 ## - DEWEY DECIMAL CLASSIFICATION NUMBER
Classification number 658.15
100 ## - MAIN ENTRY--PERSONAL NAME
Personal name Pandey, I. M.
245 ## - TITLE STATEMENT
Title Financial management /
Statement of responsibility, etc by I.M. Pandey
250 ## - EDITION STATEMENT
Edition statement 7th rev. ed.
260 ## - PUBLICATION, DISTRIBUTION, ETC. (IMPRINT)
Place of publication, distribution, etc New Delhi
Name of publisher, distributor, etc Vikas Publishing House
Date of publication, distribution, etc 1995
270 ## - ADDRESS
Address 576 Masjid Road, Jangpura
City New Delhi
Postal code 110014
300 ## - PHYSICAL DESCRIPTION
Extent xx, 1084p.
Dimensions 25cm(Hb)
942 ## - ADDED ENTRY ELEMENTS (KOHA)
Source of classification or shelving scheme Dewey Decimal Classification
Item type English Books
Classification part 658.15
Call number suffix PAN
Holdings
Withdrawn status Lost status Not for loan Collection code Home library Current library Date acquired Source of acquisition Cost, normal purchase price Full call number Barcode Copy number Cost, replacement price Koha item type
      Non-fiction Janak Puri Janak Puri 26/09/2011 gift 250.00 658.15 PAN G-001524 1 250.00 English Books

© Delhi Public Library
Hit Counter
free hit counter